| 000 | 00357nam a2200145Ia 4500 | ||
|---|---|---|---|
| 008 | 221220s9999 xx 000 0 und d | ||
| 020 | _a978-93-91787-60-8 | ||
| 041 | _aEnglish | ||
| 100 | _aN. Kumar | ||
| 245 | 0 |
_aConstitutional Law of India _cby N. Kumar |
|
| 260 |
_bALA _aHaryana _c2022 |
||
| 300 | _a1176 | ||
| 650 | _aConstitution | ||
| 942 |
_2DDC _cBK |
||
| 999 |
_c19416 _d19416 |
||